000 00744cam a2200253 4500500
005 20260329010008.0
041 _afre
042 _adc
100 1 0 _aOrtoli, Sven
_eauthor
245 0 0 _aÉdito : faiseuses d’histoire
260 _c2019.
500 _a6
690 _aFemmes
690 _aHistoire
690 _aMonique Wittig
690 _aOubli
690 _aPensée
690 _aRécit
690 _aSimone de Beauvoir
690 _aSorcières
690 _aVinciane Despret
786 0 _nPhilosophie magazine - Hors séries | Hors-série Autome-Hiver 2019 | HS43 | 2019-10-01 | p. 1-1 | 2104-9246
856 4 1 _uhttps://shs.cairn.info/magazine-philosophie-magazine-2019-9-12-page-1?lang=fr&redirect-ssocas=7080
999 _c1848548
_d1848548